000 00744nam a2200253Ia 4500
003 OSt
005 20220924131652.0
006 a|||||r|||| 00| 0
007 ta
008 220923b |||||||| |||| 00| 0 san d
024 _a254452
037 _cTextual
040 _aARTS
_cARTS
_bsan
041 _2san
_asan
082 _aP15:C303x1:1:1:1, H3;N7
100 _aMishra Mandan
_9202551
245 0 _aDasha padhyunadi vriti
260 _aVaranasi
_bSampurnanand Sanskrit Vishwavidyalaya India
_c1997
300 _a8,272p.
_ccm.
650 _aLINGUISTICS
700 _a Yuddhishthara Ed.
_9202552
942 _hP15:C303x1:1:1:1, H3;N7
_cTEXL
_2CC
999 _c427776
_d427776